Pro-Fil – internetový časopis o filozofii
Salvato in:
| Natura: | Periodico |
|---|---|
| Lingua: | ceco inglese |
| Pubblicazione: |
Brno
Masarykova univerzita
|
| Tags: |
Nessun Tag, puoi essere il primo ad aggiungerne!!
|
MARC
| LEADER | 00000nls a2200000 4500 | ||
|---|---|---|---|
| 001 | 0297003 | ||
| 005 | 20260205091028.6 | ||
| 022 | |a 1212-9097 | ||
| 041 | 0 | |a cze | |
| 041 | 0 | |a eng | |
| 044 | |a CZ | ||
| 245 | 1 | 0 | |a Pro-Fil – internetový časopis o filozofii |
| 264 | 1 | |a Brno |b Masarykova univerzita | |